[Event "C.to Italiano Semifinale"]
[Site "Arvier ITA"]
[Date "2002.06.22"]
[Round "1"]
[White "Bruno, Fabio"]
[Black "Tocco, Paolo"]
[Result "1-0"]
[WhiteElo "2268"]
[BlackElo "2141"]
[PlyCount "74"]
[EventDate "2002.06.22"]

1. d4 f5 2. Bg5 c6 3. e3 Qb6 4. Qc1 d6 5. Nd2 h6 6. Bf4 g5 7. Bg3 Bg7 8. f3 Nf6
9. c3 O-O 10. Bc4+ Kh8 11. Ne2 Nd5 12. h4 Nxe3 13. hxg5 e5 14. Bb3 f4 15. Ne4
d5 16. Nf6 Nd7 17. Nh5 Nxg2+ 18. Kf2 Ne3 19. Nxg7 Kxg7 20. Rxh6 fxg3+ 21. Kxe3
exd4+ 22. Nxd4 Ne5 23. Rf6 Rxf6 24. gxf6+ Kxf6 25. Qh1 c5 26. Qh8+ Kg6 27. Qxe5
cxd4+ 28. cxd4 Qe6 29. Bxd5 Qxe5+ 30. dxe5 Bh3 31. f4 Kf5 32. Rg1 Rd8 33. Be4+
Kg4 34. Bf3+ Kh4 35. Rh1 Rh8 36. Bd5 Rh6 37. Bxb7 Rb6 1-0

[Event "C.to Italiano Semifinale"]
[Site "Arvier ITA"]
[Date "2002.06.22"]
[Round "1"]
[White "Carcangiu, Vittorio"]
[Black "Buchicchio, Giampaolo"]
[Result "0-1"]
[WhiteElo "1753"]
[BlackElo "2188"]
[PlyCount "104"]
[EventDate "2002.06.22"]

1. e4 c5 2. Nf3 Nc6 3. d4 cxd4 4. Bc4 Nf6 5. Nxd4 Qa5+ 6. c3 Nxe4 7. O-O d5 8.
Bb3 e5 9. Nc2 Be6 10. Nd2 Nd6 11. Nf3 f6 12. Ne3 Nc4 13. Qe2 Qc5 14. Rd1 Nb6
15. Nf1 Nc4 16. Ne3 Rd8 17. Nxc4 dxc4 18. Be3 Rxd1+ 19. Rxd1 Qb5 20. Bc2 Bc5
21. Bg5 Qb6 22. Bh4 Ne7 23. Nd2 Qc6 24. Qh5+ Bf7 25. Qe2 O-O 26. Nxc4 Kh8 27.
Bb3 Bg6 28. Ne3 Bxe3 29. Qxe3 Nf5 30. Qh3 Qe4 31. g3 Bh5 32. Bd5 Qe2 33. Rf1
Qd3 34. Be6 Nd6 35. Bb3 Be2 36. Re1 Qd2 37. Rxe2 Qxe2 38. g4 g5 39. Bg3 Kg7 40.
Be6 Qxb2 41. Qf1 Qxc3 42. h4 Ne4 43. Qg2 Qb4 44. hxg5 Nxg3 45. Qxg3 Qe1+ 46.
Kg2 Qe4+ 47. f3 Qe2+ 48. Kg1 fxg5 49. Bf5 Rd8 50. Bc2 Qxc2 51. Qxe5+ Kf7 52.
Qf5+ Qxf5 0-1

[Event "C.to Italiano Semifinale"]
[Site "Arvier ITA"]
[Date "2002.06.22"]
[Round "1"]
[White "Cazzaniga, Walter"]
[Black "Martorelli, Antonio"]
[Result "0-1"]
[WhiteElo "2119"]
[BlackElo "2257"]
[PlyCount "48"]
[EventDate "2002.06.22"]

1. d4 Nf6 2. c4 e6 3. Nf3 d5 4. Nc3 c6 5. Bg5 dxc4 6. e4 b5 7. e5 h6 8. Bh4 g5
9. Nxg5 hxg5 10. Bxg5 Be7 11. exf6 Bxf6 12. Bxf6 Qxf6 13. Qd2 Na6 14. O-O-O Bb7
15. Be2 O-O-O 16. Qe3 Rh4 17. Ne4 Qg6 18. g4 Nb4 19. Bf3 Nxa2+ 20. Kb1 Nb4 21.
Qa3 c5 22. Qe3 Rxg4 23. dxc5 Rxe4 24. Rxd8+ Kxd8 0-1

[Event "C.to Italiano Semifinale"]
[Site "Arvier ITA"]
[Date "2002.06.22"]
[Round "1"]
[White "Forno, Roberto"]
[Black "Parrella, Alfredo"]
[Result "1-0"]
[WhiteElo "2079"]
[BlackElo "2233"]
[PlyCount "50"]
[EventDate "2002.06.22"]

1. d4 Nf6 2. Nf3 g6 3. c4 Bg7 4. Nc3 O-O 5. Bg5 h6 6. Bh4 c5 7. e3 Na6 8. Bd3
d6 9. O-O Bg4 10. h3 Bd7 11. a3 Nc7 12. b4 cxd4 13. exd4 Nh5 14. Re1 Re8 15. c5
dxc5 16. bxc5 Bc6 17. Bc4 Nf4 18. Ne5 Bxe5 19. Rxe5 Ncd5 20. Qb3 f6 21. Rxd5
Nxd5 22. Nxd5 Kh7 23. Re1 Bxd5 24. Bxd5 Qd7 25. Qxb7 25... Qxb7 $139 1-0

[Event "C.to Italiano Semifinale"]
[Site "Arvier ITA"]
[Date "2002.06.22"]
[Round "1"]
[White "Iotti, Pierluigi"]
[Black "Rossato, Armando"]
[Result "1-0"]
[WhiteElo "2291"]
[BlackElo "2169"]
[PlyCount "79"]
[EventDate "2002.06.22"]

1. d4 c5 2. e3 g6 3. Nf3 Bg7 4. Bd3 d6 5. O-O Nc6 6. c3 Nf6 7. Qe2 O-O 8. h3
Qc7 9. dxc5 dxc5 10. e4 Nh5 11. Bc4 b6 12. Rd1 Bb7 13. a4 Rad8 14. Rxd8 Rxd8
15. Na3 Ne5 16. Nb5 Qd7 17. Nxe5 Bxe5 18. Bh6 a6 19. Na3 Qxa4 20. Nc2 Qd7 21.
Bxa6 Bxa6 22. Qxa6 Bc7 23. Qe2 f6 24. Re1 Qd6 25. g3 Kh8 26. Qf3 Qe6 27. g4 Ng7
28. Ne3 Qe5 29. Kf1 Ne6 30. Nd5 g5 31. Nxe7 Rd2 32. Qf5 Rxb2 33. Qxe5 Bxe5 34.
Ra1 Rd2 35. Nd5 Kg8 36. Ra7 Rd1+ 37. Kg2 Rxd5 38. exd5 Nf4+ 39. Kf3 Nxd5 40.
Rg7+ 1-0

[Event "C.to Italiano Semifinale"]
[Site "Arvier ITA"]
[Date "2002.06.22"]
[Round "1"]
[White "Laco, Giuseppe"]
[Black "De Santis, Alessio"]
[Result "0-1"]
[WhiteElo "2149"]
[BlackElo "2274"]
[PlyCount "108"]
[EventDate "2002.06.22"]

1. c4 e5 2. Nc3 Bb4 3. Nd5 Bc5 4. e3 Nc6 5. a3 a5 6. Ne2 d6 7. Nec3 Nge7 8. g3
f5 9. Qh5+ Ng6 10. Nb5 Bb6 11. d4 O-O 12. Nxb6 cxb6 13. d5 Nb8 14. f4 Na6 15.
Bd3 Nc5 16. Bc2 Bd7 17. a4 Bxb5 18. axb5 exf4 19. gxf4 Qf6 20. O-O Rae8 21. Rb1
Ne4 22. Rf3 Rf7 23. Rh3 Nf8 24. Bxe4 Rxe4 25. b3 Qc3 26. Qd1 Rxf4 27. Bb2 Rg4+
28. Kh1 Qb4 29. Ra1 Qc5 30. Bd4 Qc7 31. Rg3 Rxg3 32. hxg3 Nd7 33. Qc2 Nc5 34.
Rf1 Ne4 35. Kg2 Qd8 36. Rf4 Qg5 37. Rxe4 fxe4 38. Qxe4 Qd8 39. Qe6 Kf8 40. e4
Re7 41. Qf5+ Kg8 42. e5 dxe5 43. Bxe5 Qe8 44. Bd4 Rf7 45. Qd3 Qd8 46. Bc3 h5
47. d6 h4 48. Be5 hxg3 49. Qg6 Qe8 50. Qxg3 Qe6 51. Qg5 a4 52. bxa4 Qxc4 53.
Qd8+ Rf8 54. Qe7 Qf1+ 0-1

[Event "C.to Italiano Semifinale"]
[Site "Arvier ITA"]
[Date "2002.06.22"]
[Round "1"]
[White "Mola, Pietro"]
[Black "Maccagno, Giancarlo"]
[Result "1-0"]
[WhiteElo "2277"]
[BlackElo "2152"]
[PlyCount "47"]
[EventDate "2002.06.22"]

1. e4 g6 2. d4 d6 3. Nf3 Bg7 4. Bc4 e6 5. Bb3 Nd7 6. O-O b6 7. Bg5 Bf6 8. Bxf6
Qxf6 9. Nc3 Ba6 10. Re1 Ne7 11. Qd2 Qg7 12. Rad1 O-O 13. Qg5 Qf6 14. Qe3 Rad8
15. Ba4 c6 16. d5 cxd5 17. exd5 Nf5 18. Qd2 exd5 19. Bxd7 Rxd7 20. Qf4 Rc8 21.
Nxd5 Qxb2 22. c3 Rdd8 23. g4 Ng7 24. Nf6+ 1-0

[Event "C.to Italiano Semifinale"]
[Site "Arvier ITA"]
[Date "2002.06.22"]
[Round "1"]
[White "Mussoni, Marcello"]
[Black "Gentile, Claudio"]
[Result "1-0"]
[WhiteElo "2250"]
[BlackElo "2117"]
[PlyCount "61"]
[EventDate "2002.06.22"]

1. d4 Nf6 2. Nf3 d5 3. c4 c6 4. Nc3 dxc4 5. a4 Bf5 6. e3 e6 7. Bxc4 Bb4 8. O-O
Nbd7 9. Ne2 Qa5 10. Ng3 Bg4 11. h3 Bxf3 12. Qxf3 O-O-O 13. b3 Nb6 14. Bb2 Nxc4
15. bxc4 h5 16. e4 h4 17. Ne2 Qh5 18. Qe3 Qg6 19. Bc3 Bxc3 20. Nxc3 Rh5 21. e5
Ne8 22. f4 f6 23. Ne4 f5 24. Nc5 b6 25. Na6 Kb7 26. a5 Qg3 27. Rf3 Qg6 28. axb6
axb6 29. Qa3 Kc8 30. Qa4 Kd7 31. Nb4 1-0

[Event "C.to Italiano Semifinale"]
[Site "Arvier ITA"]
[Date "2002.06.22"]
[Round "1"]
[White "Nelli, Luca"]
[Black "Contin, Daniel"]
[Result "1-0"]
[WhiteElo "2173"]
[BlackElo "2338"]
[PlyCount "103"]
[EventDate "2002.06.22"]

1. c4 c5 2. Nc3 Nf6 3. g3 d5 4. cxd5 Nxd5 5. Bg2 Nc7 6. Qb3 Nc6 7. Bxc6+ bxc6
8. Qa4 Qd7 9. Nf3 f6 10. b3 e5 11. d3 Nb5 12. Ne4 f5 13. Ned2 Nd4 14. Bb2 Nc2+
15. Kd1 Nxa1 16. Nxe5 Qd5 17. e4 fxe4 18. dxe4 Qd6 19. Bxa1 Be6 20. Kc2 Rd8 21.
Qxc6+ Qxc6 22. Nxc6 Rc8 23. Nxa7 Ra8 24. Nb5 Rxa2+ 25. Bb2 Ra5 26. Nc7+ Kd7 27.
Nxe6 Kxe6 28. f4 Rg8 29. f5+ Kd7 30. Rd1 Kc6 31. Nc4 Ra8 32. Ne5+ Kb5 33. Rd7
Re8 34. Rb7+ Ka6 35. Rf7 Re7 36. Rxe7 Bxe7 37. Nf3 h5 38. h3 Kb5 39. g4 hxg4
40. hxg4 Bd8 41. g5 Rh8 42. Bxg7 Rh3 43. Bf6 Rxf3 44. Bxd8 Kb4 45. f6 Rf2+ 46.
Kd3 Kxb3 47. Ba5 c4+ 48. Kd4 Rf4 49. Ke5 Rf2 50. g6 c3 51. Bxc3 Kxc3 52. g7 1-0

[Event "C.to Italiano Semifinale"]
[Site "Arvier ITA"]
[Date "2002.06.22"]
[Round "1"]
[White "Ricci, Marco"]
[Black "Cocchi, Andrea"]
[Result "1/2-1/2"]
[WhiteElo "2162"]
[BlackElo "2281"]
[PlyCount "43"]
[EventDate "2002.06.22"]

1. e4 c5 2. Nf3 Nc6 3. d4 cxd4 4. Nxd4 Nf6 5. Nc3 Qb6 6. Nb3 e6 7. Be3 Qc7 8.
Bd3 Be7 9. O-O d6 10. f4 a6 11. a4 b6 12. Nd2 Rb8 13. Qe2 Nb4 14. Nc4 d5 15.
exd5 Nfxd5 16. Nxd5 Nxd5 17. Bd4 Bc5 18. Qf2 O-O 19. Bxc5 bxc5 20. b3 Nb4 21.
Be4 f5 22. Bf3 1/2-1/2

[Event "C.to Italiano Semifinale"]
[Site "Arvier ITA"]
[Date "2002.06.22"]
[Round "1"]
[White "Sartori, Spartaco"]
[Black "Barlocco, Carlo"]
[Result "1-0"]
[WhiteElo "2262"]
[BlackElo "2129"]
[PlyCount "95"]
[EventDate "2002.06.22"]

1. c4 e6 2. Nc3 d5 3. d4 c5 4. cxd5 exd5 5. Nf3 Nc6 6. g3 Nf6 7. Bg2 Be7 8. O-O
O-O 9. Bg5 c4 10. Ne5 Be6 11. Qd2 Qa5 12. Nxc6 bxc6 13. Nxd5 Nxd5 14. Qxa5 Bxg5
15. e4 Bd8 16. Qd2 Nf6 17. e5 Nd5 18. Rac1 Rb8 19. Rfe1 Rb5 20. Qe2 Ba5 21.
Red1 Rfb8 22. Qxc4 Ne3 23. Qxc6 Nxg2 24. Qxg2 Rxb2 25. d5 Bg4 26. d6 Bxd1 27.
Rxd1 Bb6 28. Qd5 Rxf2 29. Kh1 Bd8 30. e6 fxe6 31. Qxe6+ Rf7 32. d7 Rb6 33. Qe8+
Rf8 34. Rf1 Rbf6 35. Rxf6 Bxf6 36. a4 Bd8 37. Kg2 g6 38. h4 Kg7 39. Qe3 Bb6 40.
Qe5+ Kf7 41. a5 Bd8 42. Qd6 Bf6 43. Qd5+ Kg7 44. Qb7 Rd8 45. Qxa7 Kf7 46. a6
Ke6 47. Qb7 Bd4 48. Qc6+ 1-0

[Event "C.to Italiano Semifinale"]
[Site "Arvier ITA"]
[Date "2002.06.22"]
[Round "1"]
[White "Tonon, Alessandro"]
[Black "Mulas, Gianmarco"]
[Result "1/2-1/2"]
[WhiteElo "2184"]
[BlackElo "1732"]
[PlyCount "41"]
[EventDate "2002.06.22"]

1. d4 f5 2. Nf3 Nf6 3. g3 g6 4. Bg2 d6 5. c4 Bg7 6. Nc3 O-O 7. O-O c6 8. d5 Bd7
9. Nd4 a5 10. Rb1 Qc7 11. Re1 Na6 12. e4 Nxe4 13. Nxe4 fxe4 14. Rxe4 Rf7 15.
Bg5 Re8 16. Qd2 Nc5 17. Re2 e5 18. dxe6 Nxe6 19. Nxe6 Rxe6 20. Bf4 Qb6 21. Be3
1/2-1/2

[Event "C.to Italiano Semifinale"]
[Site "Arvier ITA"]
[Date "2002.06.22"]
[Round "1"]
[White "Vezzosi, Paolo"]
[Black "Astengo, Corrado"]
[Result "1/2-1/2"]
[WhiteElo "2398"]
[BlackElo "2180"]
[PlyCount "93"]
[EventDate "2002.06.22"]

1. d4 d5 2. Nf3 Nf6 3. c4 c6 4. e3 Bf5 5. Nc3 e6 6. Nh4 Bg6 7. Qb3 Qb6 8. Nxg6
hxg6 9. g3 Nbd7 10. Bg2 Qxb3 11. axb3 a6 12. O-O Bd6 13. e4 dxe4 14. Nxe4 Nxe4
15. Bxe4 Nf6 16. Bf3 O-O-O 17. Be3 e5 18. Rad1 exd4 19. Bxd4 Rhe8 20. h4 Be5
21. Bc3 Bxc3 22. bxc3 Ne4 23. Rxd8+ Kxd8 24. Rd1+ Kc7 25. Re1 Nf6 26. Rxe8 Nxe8
27. Kf1 Kd6 28. b4 b6 29. Ke2 c5 30. Bd5 Ke7 31. Kd3 f6 32. bxc5 bxc5 33. Kc2
Nc7 34. Kb3 Kd6 35. Bf7 Na8 36. Ka4 Nb6+ 37. Ka5 Nd7 38. Bxg6 Ne5 39. h5 Nxc4+
40. Kxa6 Nb2 41. f4 Nd1 42. c4 Ne3 43. Kb5 f5 44. Bh7 Nc2 45. Kb6 Ne3 46. Kb5
Nc2 47. Kb6 1/2-1/2

[Event "C.to Italiano Semifinale"]
[Site "Arvier ITA"]
[Date "2002.06.22"]
[Round "1"]
[White "Yeuillaz, Corrado"]
[Black "Capece, Adolivio"]
[Result "1/2-1/2"]
[WhiteElo "2231"]
[BlackElo "2067"]
[PlyCount "81"]
[EventDate "2002.06.22"]

1. e4 c5 2. Nf3 Nc6 3. d4 cxd4 4. Nxd4 g6 5. Bc4 Bg7 6. Nxc6 bxc6 7. O-O Nf6 8.
Nc3 Qa5 9. Qe2 O-O 10. Bd2 Qh5 11. Rae1 Qxe2 12. Rxe2 Rb8 13. b3 Bb7 14. e5 Nd5
15. Nxd5 cxd5 16. Bd3 Bc6 17. Be3 Bxe5 18. Bxa7 Ra8 19. Rxe5 Rxa7 20. Rxe7 Rxa2
21. f4 Rfa8 22. Rfe1 Ra1 23. Kf2 Rxe1 24. Rxe1 Kg7 25. g4 Rb8 26. Ke3 Rb4 27.
g5 Kf8 28. Ra1 Ke7 29. Ra5 Kd6 30. h4 Kc7 31. Ra3 Kd6 32. c3 Rb8 33. Kd4 f6 34.
b4 fxg5 35. hxg5 Rf8 36. Ke3 Re8+ 37. Kf2 Rf8 38. Ke3 Re8+ 39. Kf2 Rf8 40. Kg3
Re8 41. Kf2 1/2-1/2

[Event "C.to Italiano Semifinale"]
[Site "Arvier ITA"]
[Date "2002.06.23"]
[Round "2"]
[White "Astengo, Corrado"]
[Black "Tonon, Alessandro"]
[Result "0-1"]
[WhiteElo "2180"]
[BlackElo "2184"]
[PlyCount "78"]
[EventDate "2002.06.22"]

1. e4 e5 2. Nf3 Nc6 3. Bb5 a6 4. Ba4 Nf6 5. Qe2 b5 6. Bb3 Bc5 7. a4 b4 8. Bxf7+
Kf8 9. Ba2 d6 10. h3 Bd7 11. d3 Na5 12. O-O Rb8 13. Nbd2 Qe8 14. Nb3 Nb7 15.
Nxc5 Nxc5 16. a5 b3 17. Bxb3 Nxb3 18. cxb3 Qh5 19. Qe3 Ke7 20. d4 exd4 21. Nxd4
Rhe8 22. Qg5 Qxg5 23. Bxg5 c5 24. Nf3 Be6 25. Rfe1 Rxb3 26. e5 dxe5 27. Rxe5
Rb5 28. Rae1 Kf7 29. Bd2 h6 30. b4 Nd7 31. R5e4 Rbb8 32. bxc5 Nxc5 33. Ne5+ Kg8
34. R4e3 Bd5 35. Ng6 Bf7 36. Ne7+ Kh8 37. Nf5 Rxe3 38. Bxe3 Nb3 39. Bb6 39...
Re8 $138 0-1

[Event "C.to Italiano Semifinale"]
[Site "Arvier ITA"]
[Date "2002.06.23"]
[Round "2"]
[White "Buchicchio, Giampaolo"]
[Black "Bruno, Fabio"]
[Result "1/2-1/2"]
[WhiteElo "2188"]
[BlackElo "2268"]
[PlyCount "69"]
[EventDate "2002.06.22"]

1. e4 c5 2. c3 Nf6 3. e5 Nd5 4. d4 cxd4 5. Nf3 e6 6. cxd4 d6 7. Nc3 Nxc3 8.
bxc3 Qc7 9. Bd2 Nd7 10. Bd3 b6 11. O-O Bb7 12. Re1 dxe5 13. Nxe5 Nxe5 14. Rxe5
Bd6 15. Bb5+ Kf8 16. Rh5 Bf4 17. Bd3 Rd8 18. Bxf4 Qxf4 19. Bxh7 Rxh7 20. Rxh7
Qe4 21. Qf3 Qxh7 22. Qxb7 Qc2 23. Qc7 Rd5 24. Qc4 Rf5 25. f3 g6 26. Re1 Ra5 27.
Re2 Qc1+ 28. Kf2 Qh1 29. Qc7 Qa1 30. Kg3 Qf1 31. Qd8+ Kg7 32. Rxe6 fxe6 33.
Qe7+ Kh6 34. Qf8+ Kh7 35. Qf7+ 1/2-1/2

[Event "C.to Italiano Semifinale"]
[Site "Arvier ITA"]
[Date "2002.06.23"]
[Round "2"]
[White "Capece, Adolivio"]
[Black "Vezzosi, Paolo"]
[Result "0-1"]
[WhiteElo "2067"]
[BlackElo "2398"]
[PlyCount "70"]
[EventDate "2002.06.22"]

1. Nf3 d5 2. g3 Nf6 3. Bg2 c6 4. d4 Bf5 5. Nbd2 e6 6. Ne5 Bd6 7. Ndf3 h6 8. c4
O-O 9. O-O a5 10. c5 Bc7 11. Qa4 Ne4 12. Be3 Qe7 13. Rfc1 f6 14. Nd3 Nd7 15.
Nh4 Bh7 16. f3 Nxg3 17. hxg3 Bxg3 18. Bf2 Bxf2+ 19. Kxf2 g5 20. Rh1 Bxd3 21.
exd3 gxh4 22. Rxh4 f5 23. Rah1 Rf6 24. Qd1 Kh7 25. Qd2 Qg7 26. Bf1 Rg6 27. Bh3
Qf6 28. Qf4 Rf8 29. Rh5 Nxc5 30. dxc5 Qxb2+ 31. Ke1 Qb1+ 32. Kd2 Qxh1 33. Qc7+
Kg8 34. Qxb7 Qh2+ 35. Kc3 Rb8 0-1

[Event "C.to Italiano Semifinale"]
[Site "Arvier ITA"]
[Date "2002.06.23"]
[Round "2"]
[White "Cocchi, Andrea"]
[Black "Forno, Roberto"]
[Result "1-0"]
[WhiteElo "2281"]
[BlackElo "2079"]
[PlyCount "57"]
[EventDate "2002.06.22"]

1. Nf3 Nf6 2. c4 g6 3. Nc3 Bg7 4. g3 O-O 5. Bg2 d6 6. O-O e5 7. d3 Nc6 8. Rb1
a5 9. a3 Bf5 10. Ng5 h6 11. Nge4 Qd7 12. Nxf6+ Bxf6 13. Bxh6 Bg7 14. Nd5 Bh3
15. f4 Nd4 16. fxe5 Bxg2 17. Kxg2 Rae8 18. e3 Rxe5 19. Bxg7 Kxg7 20. exd4 Rh5
21. h4 f5 22. Nf4 Rh7 23. d5 Kg8 24. Ne6 Re8 25. Qd2 c6 26. Qg5 Qf7 27. Rbe1
cxd5 28. Nd8 Qd7 29. Qxg6+ 1-0

[Event "C.to Italiano Semifinale"]
[Site "Arvier ITA"]
[Date "2002.06.23"]
[Round "2"]
[White "Contin, Daniel"]
[Black "Ricci, Marco"]
[Result "1-0"]
[WhiteElo "2338"]
[BlackElo "2162"]
[PlyCount "69"]
[EventDate "2002.06.22"]

1. Nf3 Nf6 2. c4 g6 3. b3 Bg7 4. Bb2 O-O 5. g3 d6 6. Bg2 e5 7. Nc3 Nc6 8. O-O
Nh5 9. d3 f5 10. Nd2 Nf6 11. Nd5 Ne7 12. Qc2 c6 13. Nxf6+ Bxf6 14. f4 Qb6+ 15.
Kh1 exf4 16. gxf4 d5 17. Nf3 c5 18. Bxf6 Rxf6 19. Ne5 d4 20. e3 Qd6 21. Rae1
Nc6 22. Bxc6 bxc6 23. Qg2 Bd7 24. h4 a5 25. Rf3 a4 26. bxa4 Rxa4 27. h5 Kg7 28.
hxg6 hxg6 29. Rh3 Ra8 30. Qh2 Be6 31. Rb1 Rc8 32. Rb7+ Kf8 33. Rh8+ Bg8 34.
Rxg8+ Kxg8 35. Qh7+ 1-0

[Event "C.to Italiano Semifinale"]
[Site "Arvier ITA"]
[Date "2002.06.23"]
[Round "2"]
[White "De Santis, Alessio"]
[Black "Mussoni, Marcello"]
[Result "1-0"]
[WhiteElo "2274"]
[BlackElo "2250"]
[PlyCount "81"]
[EventDate "2002.06.22"]

1. d4 Nf6 2. c4 g6 3. Nc3 d5 4. cxd5 Nxd5 5. e4 Nxc3 6. bxc3 c5 7. Bc4 Bg7 8.
Be3 Nc6 9. Ne2 Bg4 10. f3 Bd7 11. Rc1 Qc7 12. h4 Na5 13. Bd3 e5 14. h5 O-O-O
15. Bg5 f6 16. h6 fxg5 17. hxg7 Rhg8 18. Rxh7 Be8 19. Qd2 Qe7 20. Qe3 g4 21. f4
exf4 22. Qxf4 g5 23. Qxg4+ Bd7 24. Qg3 Rxg7 25. Rxg7 Qxg7 26. Qd6 Qf8 27. Qxf8
Rxf8 28. Ng3 Nc6 29. Ke2 Kd8 30. Ke3 cxd4+ 31. cxd4 Nb4 32. Bb1 Re8 33. Rc5 g4
34. a3 Nc6 35. Rg5 b6 36. Bd3 Rh8 37. e5 Ne7 38. Be4 Be6 39. Nf5 Nd5+ 40. Bxd5
Bxd5 41. Rxg4 1-0

[Event "C.to Italiano Semifinale"]
[Site "Arvier ITA"]
[Date "2002.06.23"]
[Round "2"]
[White "Gentile, Claudio"]
[Black "Laco, Giuseppe"]
[Result "1/2-1/2"]
[WhiteElo "2117"]
[BlackElo "2149"]
[PlyCount "96"]
[EventDate "2002.06.22"]

1. e4 c5 2. Nf3 e6 3. d4 cxd4 4. Nxd4 a6 5. Nc3 Qc7 6. Bd3 b5 7. O-O Bb7 8. Re1
Bc5 9. Nb3 Ba7 10. Qg4 g6 11. Bf4 d6 12. Qg3 e5 13. Bg5 f6 14. Be3 b4 15. Nd5
Bxd5 16. exd5 Bxe3 17. fxe3 f5 18. e4 f4 19. Qh3 Ne7 20. Kh1 O-O 21. Qe6+ Kg7
22. a3 Rf6 23. Qh3 bxa3 24. Rxa3 h5 25. Nd2 Nd7 26. Rxa6 Rxa6 27. Bxa6 Qxc2 28.
Qxd7 Qxd2 29. Qxe7+ Rf7 30. Qh4 Qxb2 31. h3 f3 32. gxf3 Rxf3 33. Rf1 Rxf1+ 34.
Bxf1 Qb1 35. Kg2 Kh6 36. Be2 Qc2 37. Kf2 Qc5+ 38. Ke1 Qc1+ 39. Bd1 Qe3+ 40. Kf1
Qd3+ 41. Be2 Qb1+ 42. Kf2 Qc2 43. Qf6 Qxe4 44. Qf8+ Kg5 45. Qxd6 Qf4+ 46. Kg2
Qe4+ 47. Bf3 Qc2+ 48. Kg1 Qc1+ 1/2-1/2

[Event "C.to Italiano Semifinale"]
[Site "Arvier ITA"]
[Date "2002.06.23"]
[Round "2"]
[White "Maccagno, Giancarlo"]
[Black "Cazzaniga, Walter"]
[Result "1-0"]
[WhiteElo "2152"]
[BlackElo "2119"]
[PlyCount "67"]
[EventDate "2002.06.22"]

1. e4 e6 2. d4 d5 3. e5 c5 4. c3 Nc6 5. Nf3 Qb6 6. a3 c4 7. Nbd2 Bd7 8. Rb1 Na5
9. Be2 Nh6 10. O-O f6 11. b3 cxb3 12. c4 Be7 13. cxd5 exd5 14. Re1 Bf5 15. exf6
Qxf6 16. Nxb3 Nf7 17. Rb2 Nc6 18. Nc5 b6 19. Na6 O-O 20. Nb4 Nxb4 21. axb4 a5
22. Bd2 Bd6 23. bxa5 bxa5 24. Rb5 a4 25. Rxd5 a3 26. Bc4 Bg4 27. Bg5 Bxf3 28.
Bxf6 Bxh2+ 29. Kxh2 Bxd1 30. Be7 Rfc8 31. Rc5 Rxc5 32. Bxc5 Bh5 33. Ra1 h6 34.
Rxa3 1-0

[Event "C.to Italiano Semifinale"]
[Site "Arvier ITA"]
[Date "2002.06.23"]
[Round "2"]
[White "Martorelli, Antonio"]
[Black "Mola, Pietro"]
[Result "1-0"]
[WhiteElo "2257"]
[BlackElo "2277"]
[PlyCount "80"]
[EventDate "2002.06.22"]

1. e4 c5 2. Nf3 d6 3. d4 cxd4 4. Nxd4 Nf6 5. Nc3 a6 6. g3 e5 7. Nb3 Be7 8. Bg2
Nbd7 9. O-O b5 10. a4 b4 11. Nd5 Rb8 12. Bd2 Nxd5 13. exd5 a5 14. c3 O-O 15.
cxb4 axb4 16. a5 Ba6 17. Re1 Nf6 18. Be3 Qd7 19. Bg5 Rfc8 20. Qd2 Bc4 21. Bxf6
Bxf6 22. Qe3 Qb5 23. a6 Qd7 24. a7 Ra8 25. Rec1 Bd8 26. Nd2 Bb5 27. Rxc8 Qxc8
28. Ne4 Qd7 29. h4 h6 30. Kh2 Bc7 31. Bh3 Qd8 32. Qb3 Ba5 33. Nxd6 Qxd6 34.
Rxa5 Qb6 35. Ra1 Qxf2+ 36. Bg2 Rxa7 37. Rxa7 Qxa7 38. Qxb4 Qd7 39. Qc5 f5 40.
d6 40... e4 $139 1-0

[Event "C.to Italiano Semifinale"]
[Site "Arvier ITA"]
[Date "2002.06.23"]
[Round "2"]
[White "Mulas, Gianmarco"]
[Black "Yeuillaz, Corrado"]
[Result "1-0"]
[WhiteElo "1732"]
[BlackElo "2231"]
[PlyCount "52"]
[EventDate "2002.06.22"]

1. c4 Nf6 2. Nc3 g6 3. g3 Bg7 4. Bg2 O-O 5. Nf3 c6 6. d4 d5 7. b3 Nbd7 8. Bb2
Qa5 9. O-O dxc4 10. bxc4 Nb6 11. Qb3 Be6 12. Ne5 Rad8 13. Rfd1 Nfd7 14. d5 Nc5
15. Qc2 Bxe5 16. dxe6 Nxc4 17. exf7+ Rxf7 18. Rxd8+ Qxd8 19. Rd1 Qf8 20. Bc1
Nd6 21. Be3 Ne6 22. Qb3 Qg7 23. Ne4 Nxe4 24. Bxe4 Nd4 25. Qxb7 e6 26. Qa6 Nxe2+
1-0

[Event "C.to Italiano Semifinale"]
[Site "Arvier ITA"]
[Date "2002.06.23"]
[Round "2"]
[White "Parrella, Alfredo"]
[Black "Agomeri, Gianluca"]
[Result "1/2-1/2"]
[WhiteElo "2233"]
[BlackElo "2134"]
[PlyCount "47"]
[EventDate "2002.06.22"]

1. c4 c5 2. Nc3 Nf6 3. Nf3 Nc6 4. d4 cxd4 5. Nxd4 g6 6. e4 Bg7 7. Be3 O-O 8.
Be2 d6 9. O-O Bd7 10. Qd2 Rc8 11. f3 a6 12. Rac1 Nxd4 13. Bxd4 Qa5 14. Rfd1
Rfe8 15. b3 h5 16. Be3 Bc6 17. Rc2 Nd7 18. Nd5 Qxd2 19. Rdxd2 Bxd5 20. Rxd5 Nc5
21. Rcd2 Bc3 22. Rc2 Bg7 23. Rcd2 Bc3 24. Rc2 1/2-1/2

[Event "C.to Italiano Semifinale"]
[Site "Arvier ITA"]
[Date "2002.06.23"]
[Round "2"]
[White "Rossato, Armando"]
[Black "Barlocco, Carlo"]
[Result "1-0"]
[WhiteElo "2169"]
[BlackElo "2129"]
[PlyCount "71"]
[EventDate "2002.06.22"]

1. d4 d6 2. Nf3 Bg4 3. Qd3 Nd7 4. g3 Ngf6 5. Bg2 c6 6. O-O Bxf3 7. exf3 e6 8.
f4 Be7 9. Re1 O-O 10. Nc3 Re8 11. Bd2 g6 12. Re2 Bf8 13. Rae1 d5 14. Nd1 a5 15.
Ne3 b5 16. g4 Qc7 17. Bf3 Reb8 18. c3 c5 19. g5 c4 20. Qc2 Qxf4 21. Bg2 Nh5 22.
Nxd5 Qd6 23. Nf6+ Ndxf6 24. gxf6 Ra6 25. Qe4 Nxf6 26. Qh4 Nd5 27. Re5 Bg7 28.
Bxd5 Bxe5 29. dxe5 Qxd5 30. Bh6 Qf3 31. Re3 Qf5 32. Rh3 Raa8 33. Kg2 Rd8 34.
Bg5 f6 35. Qxh7+ Kf8 36. Qh8+ 1-0

[Event "C.to Italiano Semifinale"]
[Site "Arvier ITA"]
[Date "2002.06.23"]
[Round "2"]
[White "Sartori, Spartaco"]
[Black "Iotti, Pierluigi"]
[Result "1-0"]
[WhiteElo "2262"]
[BlackElo "2291"]
[PlyCount "49"]
[EventDate "2002.06.22"]

1. c4 Nf6 2. Nc3 e6 3. Nf3 c5 4. e3 b6 5. d4 cxd4 6. exd4 Bb7 7. Bd3 Be7 8. Bg5
d6 9. O-O Nbd7 10. d5 Nxd5 11. cxd5 Bxg5 12. Bb5 a6 13. Bc6 Bxc6 14. dxc6 Nf8
15. c7 Qe7 16. Nxg5 Qxg5 17. Ne4 Qd5 18. Nxd6+ Kd7 19. Nxf7 Rg8 20. Rc1 Ng6 21.
Qg4 Ne5 22. Nxe5+ Qxe5 23. Qb4 Qb5 24. Rfd1+ Kc8 25. Qe7 1-0

[Event "C.to Italiano Semifinale"]
[Site "Arvier ITA"]
[Date "2002.06.23"]
[Round "2"]
[White "Tocco, Paolo"]
[Black "Carcangiu, Vittorio"]
[Result "0-1"]
[WhiteElo "2141"]
[BlackElo "1753"]
[PlyCount "76"]
[EventDate "2002.06.22"]

1. d4 Nf6 2. Nc3 d5 3. e4 dxe4 4. f3 exf3 5. Nxf3 e6 6. Bg5 Be7 7. Bd3 a6 8.
Qe2 O-O 9. O-O Nbd7 10. Rad1 c6 11. Ne5 Nxe5 12. dxe5 Nd5 13. Qe4 g6 14. Bh6
Re8 15. Qf3 Bc5+ 16. Kh1 Qc7 17. Ne4 Bf8 18. c4 Bxh6 19. cxd5 exd5 20. Nf6+ Kf8
21. Nxe8 Kxe8 22. Qf6 Qe7 23. Qh8+ Qf8 24. Qxh7 Qg7 25. Qxg7 Bxg7 26. Rde1 Be6
27. Kg1 Rd8 28. b3 Ke7 29. h3 Rc8 30. Re2 Kd7 31. Rc1 Rh8 32. Kf2 Rh5 33. Rce1
Ke7 34. Kg3 Rg5+ 35. Kf4 Rh5 36. Rh1 Bh6+ 37. Kf3 Bg7 38. Kf4 38... Bf5 $138
0-1

[Event "C.to Italiano Semifinale"]
[Site "Arvier ITA"]
[Date "2002.06.23"]
[Round "2"]
[White "Valenti, Giuseppe"]
[Black "Nelli, Luca"]
[Result "0-1"]
[WhiteElo "2268"]
[BlackElo "2173"]
[PlyCount "21"]
[EventDate "2002.06.22"]

1. e4 e5 2. Nf3 Nc6 3. Bb5 a6 4. Ba4 Nf6 5. O-O b5 6. Bb3 Bb7 7. d3 Bc5 8. c3
d6 9. Re1 h6 10. Nbd2 Ng4 11. Nf1 0-1

[Event "C.to Italiano Semifinale"]
[Site "Arvier ITA"]
[Date "2002.06.24"]
[Round "3"]
[White "Agomeri, Gianluca"]
[Black "Tocco, Paolo"]
[Result "1-0"]
[WhiteElo "2134"]
[BlackElo "2141"]
[PlyCount "33"]
[EventDate "2002.06.22"]

1. d4 f5 2. e4 fxe4 3. Nc3 Nf6 4. f3 d5 5. fxe4 dxe4 6. Bg5 Bf5 7. Bc4 Nc6 8.
Nge2 e6 9. O-O Na5 10. Bxf6 gxf6 11. Rxf5 exf5 12. Be6 Bd6 13. Ng3 Bxg3 14.
Qh5+ Ke7 15. Qf7+ Kd6 16. Bxf5 c6 17. Nxe4# 1-0